书目信息 |
| 书名: | Cost Management | |
| 作者: | Hansen,Mowen. | |
| 分册号: | ||
| 分册名: | 出版地: | Ohio : |
|
| 出版社: | South-Western College Publishing | |
| 出版时间: | 1996. | |
| 页数: | 1032 p. ; | |
| 开本: | 26cm. | |
| 丛书名: | ||
| 中图分类号: | ||
| 科图分类号: | ||
| 其他分类号: | F224.7 | |
| 主题词: | ||
| 电子资源: | ||
| 000 | 00401nam 2200145 a 4500 | |
| 001 | E0360724117 | |
| 005 | 2003062016520411 | |
| 008 | 030620s1996 00010 eng | |
| 020 | @a0-538-86445-1 :@cRMB 12.00. | |
| 040 | @aPFT@beng | |
| 090 | @aF224.7 | |
| 099 | @dF224.7@eH251 | |
| 245 | @aCost Management / @cHansen,Mowen. | |
| 260 | @aOhio :@bSouth-Western College Publishing,@c1996. | |
| 300 | @a1032 p. ;@c26cm. | |
| Cost Management / / Hansen,Mowen.-Ohio : : South-Western College Publishing, , 1996. |
| 1032 p. ; ; 26cm. |
| ISBN 0-538-86445-1 :RMB 12.00. |
| ● |
| 相关链接 |
|
|
|
正题名:Cost Management
索取号:F224.7/H251
 
预约/预借
| 序号 | 登录号 | 条形码 | 馆藏地/架位号 | 状态 | 备注 |
| 1 | 04238 | 300042380 | 社科库409/409社科库 73排4列5层/ [索取号:F224.7/H251] | 在馆 |